Special reports: IAS 2005 (Record no. 74112)
[ view plain ]
| 000 -LEADER | |
|---|---|
| fixed length control field | 01301cab a2200265 4500 |
| 001 - CONTROL NUMBER | |
| control field | ABS67429 |
| 008 - FIXED-LENGTH DATA ELEMENTS--GENERAL INFORMATION | |
| fixed length control field | 040204n2004 000 0 eng u |
| 035 ## - SYSTEM CONTROL NUMBER | |
| System control number | (Sirsi) u125030 |
| 100 ## - MAIN ENTRY--PERSONAL NAME | |
| Personal name | Bolton, L. |
| 245 ## - TITLE STATEMENT | |
| Title | Special reports: IAS 2005 |
| 260 ## - PUBLICATION, DISTRIBUTION, ETC. | |
| Date of publication, distribution, etc. | 2004 |
| 490 ## - SERIES STATEMENT | |
| Series statement | Accountancy |
| Volume/sequential designation | 133(1325) January 2004, 55-62(7) |
| 520 ## - SUMMARY, ETC. | |
| Summary, etc. | Coverage of the development of International Accounting Standards(IASs) now to be called International Financial Reporting Standards(IFRSs). The first article aims to raise conversion awareness for companies in the 12-month countdown to 2005, the date when all EU-listed firms must report their consolidated accounts using IASs/IFRSs. In the second article IASB chairman talks about the challenges of setting accounting standards globally. The final article sets out the implementation programme companies should be following in order to us IASs. |
| 590 ## - LOCAL NOTE (RLIN) | |
| Local note | ABS |
| 650 ## - SUBJECT ADDED ENTRY--TOPICAL TERM | |
| Topical term or geographic name entry element | INTERNATIONAL ACCOUNTING STANDARDS |
| 650 ## - SUBJECT ADDED ENTRY--TOPICAL TERM | |
| Topical term or geographic name entry element | INTERNATIONAL FINANCIAL REPORTING STANDARDS |
| 650 ## - SUBJECT ADDED ENTRY--TOPICAL TERM | |
| Topical term or geographic name entry element | INTERNATIONAL ACCOUNTING STANDARDS BOARD |
| 650 ## - SUBJECT ADDED ENTRY--TOPICAL TERM | |
| Topical term or geographic name entry element | CONVERSION |
| 650 ## - SUBJECT ADDED ENTRY--TOPICAL TERM | |
| Topical term or geographic name entry element | ACCOUNTING STANDARDS |
| 650 ## - SUBJECT ADDED ENTRY--TOPICAL TERM | |
| Topical term or geographic name entry element | LISTED COMPANIES |
| 690 ## - LOCAL SUBJECT ADDED ENTRY--TOPICAL TERM (OCLC, RLIN) | |
| Topical term or geographic name as entry element | MANAGEMENT-BUSINESS MANAGEMENT-FINANCIAL MANAGEMENT |
| 700 ## - ADDED ENTRY--PERSONAL NAME | |
| Personal name | House, J. |
| 700 ## - ADDED ENTRY--PERSONAL NAME | |
| Personal name | Powling, H. |
| 942 ## - ADDED ENTRY ELEMENTS (KOHA) | |
| Suppress in OPAC | 0 |
| Withdrawn status | Lost status | Source of classification or shelving scheme | Damaged status | Not for loan | Home library | Current library | Shelving location | Date acquired | Total Checkouts | Full call number | Barcode | Date last seen | Copy number | Price effective from | Koha item type |
|---|---|---|---|---|---|---|---|---|---|---|---|---|---|---|---|
| Dewey Decimal Classification | London | London | Journal article | 04/02/2004 | ABS67429 | 125030-1001 | 06/08/2019 | 1 | 06/08/2019 | Journal article |